| 000 | 00732nam a2200229 a 4500 | ||
|---|---|---|---|
| 001 | BRCA_2032 | ||
| 005 | 20190320203637.0 | ||
| 008 | 310708s1988----nyua---###---#000-0#eng-# | ||
| 020 | _a0312002327 | ||
| 050 | 4 |
_aN6536 _b.C86 1988 |
|
| 100 | 1 |
_aCummings, Paul _96213 |
|
| 245 | 1 | 0 |
_aDictionary of Contemporary American Artists _cPaul Cummings. |
| 250 | _a5 | ||
| 260 |
_aNew York _bSt. Martin´s Press _c1988 |
||
| 300 |
_ax, 738 p. _bil. _c24 cm. |
||
| 500 | _aIncluye índice de artistas y guía de pronunciación | ||
| 504 | _aBibliografía : p. [689]-738 | ||
| 650 | 1 | 4 |
_aArtistas _vBiografías _zEstados Unidos _96214 |
| 650 | 1 | 4 |
_aArte moderno _vDiccionarios _ySiglo XX _zEstados Unidos _96215 |
| 902 | _aREF | ||
| 942 |
_2lcc _cB |
||
| 999 |
_c1798 _d1798 |
||